Bibó István összegyűjtött munkái

Elmentve itt :
Bibliográfiai részletek
Szerző: Bibó István
További közreműködők: Kemény István
Sárközi Mátyás
Szöllősi Árpád
Szabó Zoltán
Adatforrás:Philobibl
Dokumentumtípus: Könyv
Nyelv:magyar
Kulcsszavak:politikaelmélet
kisebbségi kérdés
közigazgatás
demokrácia
Megjelent: Bern Európai Protestáns Magyar Szabadegyetem 1981-1984
LEADER 01005nam a2200241 ca4500
001 bibPHI0033463
005 20200924123159.5
008 081204m19811984sz hun
100 1 |a Bibó István 
245 1 0 |a Bibó István összegyűjtött munkái  |c [sajtó alá rend. Kemény István, Sárközi Mátyás ; előszó Szöllősi Árpád ; bev. Szabó Zoltán] 
260 |a Bern  |b Európai Protestáns Magyar Szabadegyetem  |c 1981-1984 
695 |a politikaelmélet 
695 |a kisebbségi kérdés 
695 |a közigazgatás 
695 |a demokrácia 
700 1 |a Kemény István 
700 1 |a Sárközi Mátyás 
700 1 |a Szöllősi Árpád 
700 1 |a Szabó Zoltán 
774 0 |t Bibó István összegyűjtött munkái. 1. [köt.].  |w bibPHI0033463aa 
774 0 |t Bibó István összegyűjtött munkái. 2. [köt.].  |w bibPHI0033463ab 
774 0 |t Bibó István összegyűjtött munkái. 3. [köt.].  |w bibPHI0033463ac 
774 0 |t Bibó István összegyűjtött munkái. 4. [köt.].  |w bibPHI0033463ad